|
|
|
|
| LEADER |
00000nbm0a2200000 4500 |
| 001 |
137603 |
| 005 |
20231031141124.0 |
| 035 |
|
|
|a (RuTPU)RU\TPU\book\149127
|
| 090 |
|
|
|a 137603
|
| 100 |
|
|
|a 20080514d1969 k y0rusy50 ca
|
| 101 |
0 |
|
|a rus
|
| 102 |
|
|
|a RU
|
| 105 |
|
|
|a a m 001zy
|
| 200 |
1 |
|
|a Геологическое строение и генезис Алгуйского месторождения талька( Кузнецкий Алатау)
|e диссертация на соискание ученой степени кандидата геолого-минералогических наук
|f А. И. Шевелев
|g Томский политехнический институт (ТПИ) ; науч. рук. А. М. Кузьмин
|
| 210 |
|
|
|a Томск
|d 1969
|
| 215 |
|
|
|a 191 л.
|c ил.
|
| 320 |
|
|
|a Библиогр.: с. 169 - 191 ( 184 назв.)
|
| 610 |
1 |
|
|a Алгуйское месторождение
|
| 610 |
1 |
|
|a геологическое строение
|
| 610 |
1 |
|
|a рудные поля
|
| 610 |
1 |
|
|a структура
|
| 610 |
1 |
|
|a вещественный состав
|
| 610 |
1 |
|
|a тальк
|
| 610 |
1 |
|
|a генезис
|
| 610 |
1 |
|
|a промышленная оценка
|
| 610 |
1 |
|
|a перспективы
|
| 610 |
1 |
|
|a геологическое изучение
|
| 610 |
1 |
|
|a диссертации
|
| 610 |
1 |
|
|a труды учёных ТПУ
|
| 675 |
|
|
|a 553.67(04)
|v 3
|
| 700 |
|
1 |
|a Шевелев
|b А. И.
|
| 702 |
|
1 |
|a Кузьмин
|b А. М.
|c российский геолог
|c профессор Томского политехнического института
|f 1891-1980
|g Алексей Михайлович
|2 stltpush
|3 (RuTPU)RU\TPU\pers\13901
|4 727
|
| 712 |
0 |
2 |
|a Томский политехнический институт (ТПИ)
|c (1944-1991)
|2 stltpush
|3 (RuTPU)RU\TPU\col\1123
|
| 801 |
|
1 |
|a RU
|b 63413507
|c 20080514
|g PSBO
|
| 801 |
|
2 |
|a RU
|b 63413507
|c 20111206
|g PSBO
|
| 942 |
|
|
|c BK
|